000
00327nam a22001337a 4500
008
170413b xxu||||| |||| 00| 0 eng d
020
_a
9780781726153
041
_a
eng
080
_2
4 ED
_a
618
100
_a
10
101
_a
SHM
245
_a
INFECTIONS DISEASES OF FEMALE GENITAL TRACT
_c
SWEET.R.L
942
_2
udc
_c
BK
999
_c
10600
_d
10600